00457 a2200157 450000500170000001000130001702000260003003500130005603700090006908200060007810000170008424500680010126000470016927000610021630000220027720240530124415.0 aB-759275 a9789351037088c175.00 aB-759275 bGift aN aTsai, Luther aMagic Mirror The Chess Pavilion/cLuther Tsai and Nurv Vittachi aGurugrambScholastic India Pvt. Ltd.c2023 aA-27 Ground Floor Bharti Sigma CentrebGurugrame122001 a132 p.c19 cm(Pb)